La lógica sin metafísica / (Registro nro. 111084)

Detalles MARC
000 -LEADER
campo de control de longitud fija 00624nam a2200205 4500
001 - NÚMERO DE CONTROL
campo de control 111084
003 - IDENTIFICADOR DE NÚMERO DE CONTROL
campo de control ES-MaACL
005 - FECHA Y HORA DE LA ÚLTIMA TRANSACCIÓN
campo de control 20230906185233.0
007 - CAMPO FIJO DE DESCRIPCIÓN FÍSICA--INFORMACIÓN GENERAL
campo de control de longitud fija t|
008 - DATOS DE LONGITUD FIJA--INFORMACIÓN GENERAL
campo de control de longitud fija 061121s1961 sp r ||||1| spa d
100 1# - ENTRADA PRINCIPAL--NOMBRE DE PERSONA
Nombre de persona Nagel, Ernest.
9 (RLIN) 84838
245 13 - MENCIÓN DEL TÍTULO
Título La lógica sin metafísica /
Mención de responsabilidad, etc. Ernest Nagel ; [traducción de Jaime Melgar Botassis].
260 ## - PUBLICACIÓN, DISTRIBUCIÓN, ETC.
Lugar de publicación, distribución, etc. Madrid :
Nombre del editor, distribuidor, etc. Tecnos,
Fecha de publicación, distribución, etc. 1961.
300 ## - DESCRIPCIÓN FÍSICA
Extensión 362 p. ;
Dimensiones 24 cm.
490 1# - MENCIÓN DE SERIE
Mención de serie Estructura y función ;
Designación de volumen o secuencia 5
700 1# - ENTRADA AGREGADA--NOMBRE PERSONAL
Nombre de persona Melgar Botassis, Jaime.
9 (RLIN) 79950
830 0# - PUNTO DE ACCESO ADICIONAL DE SERIE-TÍTULO UNIFORME
Título uniforme Estructura y función ;
Designación de volumen o secuencia 5
9 (RLIN) 181428
852 ## - LOCALIZACIÓN
Ubicación ES-MaACL
Número de control de estantería C-26729
Sublocalización o colección R.55740
Existencias
Estatus retirado Estado de pérdida Estado de daño No para préstamo Biblioteca de origen Biblioteca actual Ubicación en estantería Fecha de adquisición Fuente de adquisición Total de préstamos Signatura topográfica completa Código de barras Visto por última vez Precio de reemplazo Tipo de ítem Koha
        Biblioteca del Ateneo de Madrid Biblioteca del Ateneo de Madrid Depósito 2 17/01/2008     C-26729 1115897 23/02/2023 23/02/2023 Libro impreso